RRII 400 parampara rubberinangal: Roopaparamaya saviseshathakalum verthirichariyalum (Record no. 44277)

MARC details
000 -LEADER
fixed length control field 00421nam a2200133Ia 4500
082 ## - DEWEY DECIMAL CLASSIFICATION NUMBER
Classification number NR:633.912.11
Item number THO;1
100 ## - MAIN ENTRY--AUTHOR NAME
Personal name Thomas, Vinoth
245 #0 - TITLE STATEMENT
Title RRII 400 parampara rubberinangal: Roopaparamaya saviseshathakalum verthirichariyalum
260 ## - PUBLICATION, DISTRIBUTION, ETC. (IMPRINT)
Place of publication Kottayam
Name of publisher Rubber Research Institute of India
Year of publication 2007
650 ## - SUBJECT ADDED ENTRY--TOPICAL TERM
Topical Term RRII clones
650 ## - SUBJECT ADDED ENTRY--TOPICAL TERM
Topical Term Rubber clones
942 ## - ADDED ENTRY ELEMENTS (KOHA)
Koha item type Books
Holdings
Withdrawn status Lost status Damaged status Not for loan Home library Current library Date acquired Source of acquisition Full call number Accession Number Koha item type
        RRII Library RRII Library 16/12/2021 Gift NR:633.912.11 THO;1 G01024 Books